000
00305nam a2200121Ia 4500
008
240624s9999 xx 000 0 und d
041
_a
eng
082
_a
828 KHA
100
_a
KHANNA VIKAS
245
_a
TIMELESS LEGACY HIS HOLINESS THE DALAI L
260
_c
2015
_a
New Delhi
_b
Bloomsbury
365
_c
RS
_b
30
999
_c
28098
_d
28098